【自動車趣味玄人向け】すべてのホンダ車 - Statistiken

Allgemein
  • Dieses Quiz wurde 5 mal gespielt
  • Das Durchschnittsergebnis liegt bei 21 aus 103
Antwortstatistiken
Hint Antwort % Korrekt
フィット
100%
N-BOX
100%
N-BOX+
100%
シビック
75%
フリード
75%
フリード+
75%
NSX
75%
ア行 アクティトラック
50%
アクティバン
50%
ヴェゼル
50%
オデッセイ
50%
シャトル
50%
ハ行 バモス
50%
バモスホビオ
50%
フィットシャトル
50%
フリードスパイク
50%
マ行 モビリオ
50%
モビリオスパイク
50%
N-ONE
50%
N-VAN
50%
WR-V
50%
Z
50%
ZR-V
50%
アコード
25%
インサイト
25%
インスパイア
25%
インテグラ
25%
エアウェイブ
25%
エディックス
25%
エリシオン
25%
サ行 ザッツ
25%
シビックシャトル
25%
ステップバン
25%
ストリーム
25%
ゼスト
25%
プレリュード
25%
ラ行 ライフ
25%
ラグレイト
25%
CR-V
25%
CR-X
25%
CR-Xデルソル
25%
CR-Z
25%
Honda e
25%
HR-V
25%
MDX
25%
N-WGN
25%
S2000
25%
アコードインスパイア
0%
アコードエアロデッキ
0%
アコードクーペ
0%
アコードツアラー
0%
アコードハイブリッド
0%
アコードワゴン
0%
アスコット
0%
アスコットイノーバ
0%
アヴァンシア
0%
エレメント
0%
オルティア
0%
カ行 キャパ
0%
クイントインテグラハッチバック
0%
クロスロード
0%
グレイス
0%
コンチェルト
0%
シティ
0%
シティカブリオレ
0%
シビックカントリー
0%
シビッククーペ
0%
シビックセダン
0%
シビックハイブリッド
0%
シビックフェリオ
0%
シビックプロ
0%
ジェイド
0%
ストリート
0%
セイバー
0%
タ行 トゥデイ
0%
トルネオ
0%
バモスホビオバン
0%
パートナー
0%
ビガー
0%
ビート
0%
フィットアリア
0%
フィットシャトルハイブリッド
0%
フィットハイブリッド
0%
フリードスパイクハイブリッド
0%
フリードハイブリッド
0%
レジェンド
0%
レジェンドクーペ
0%
ロゴ
0%
英数字 145
0%
N360
0%
N-ONE e:
0%
NSX-R
0%
N-VAN e:
0%
クラリティPHEV
0%
インテグラタイプR
0%
インテグラタイプRセダン
0%
シビックタイプR
0%
シビックタイプRユーロ
0%
S600
0%
S660
0%
S800
0%
S-MX
0%
Keine übereinstimmenden Quizze gefunden
Verteilung der Resultate
Anzahl Personen mit jedem Resultat
Perzentil nach korrekt beantworteten Fragen
Ihre Resultats-Entwicklung
Sie haben dieses Quiz noch nicht gespielt